01087nam a2200301 k 4500001001300000005001500013008004100028020003500069040001900104041001300123049001700136056001400153090002100167100002800188245014100216246005800357260003400415300003000449500001800479500006400497500003100561546004100592653004700633700001400680740006200694900001800756950001100774KMO20260237020260519105406260514s2025 ulka 001a kor a9788962626391g03400 :c\20000 a146043c1460431 akorheng0 lEM0000048825 a420.1326 a420.13b카69양1 a카이저, 데이비드10a양자역학의 역사 :b아주 작은 것들에 담긴 가장 거대한 드라마 /d데이비드 카이저 지음 ;e조은영 옮김19aQuantum legacies:bdispatches from an uncertain world a서울 :b동아시아,c2025 a376 p. :b삽화 ;c22 cm a색인 수록 a부록: 거짓말, 빌어먹을 거짓말, 그리고 통계 a원저자명: David Kaiser a영어 원작을 한국어로 번역 a과학a물리학a양자역학a과학사1 a조은영02a아주 작은 것들에 담긴 가장 거대한 드라마10aKaiser, David0 b\20000 |
|---|